Winning declarer play/ (Record no. 36734)

MARC details
000 -LEADER
fixed length control field 01014nam a2200373 a 4500
001 - CONTROL NUMBER
control field vtls000033078
003 - CONTROL NUMBER IDENTIFIER
control field NLI
005 - DATE AND TIME OF LATEST TRANSACTION
control field 20210601183704.0
008 - FIXED-LENGTH DATA ELEMENTS--GENERAL INFORMATION
fixed length control field 101125s1969 enk 000 0 eng
020 ## - INTERNATIONAL STANDARD BOOK NUMBER
International Standard Book Number 709115016
Terms of availability $ 4.00
039 #9 - LEVEL OF BIBLIOGRAPHIC CONTROL AND CODING DETAIL [OBSOLETE]
-- 201011250259
-- VLOAD
040 0# - CATALOGING SOURCE
Original cataloging agency NLI
Language of cataloging eng
Transcribing agency VERGIS-2003
041 0# - LANGUAGE CODE
Language code of text/sound track or separate title eng
044 ## - COUNTRY OF PUBLISHING/PRODUCING ENTITY CODE
MARC country code enk
082 04 - DEWEY DECIMAL CLASSIFICATION NUMBER
Classification number 795.414
100 1# - MAIN ENTRY--PERSONAL NAME
Personal name Hayden, Dorothy
9 (RLIN) 99553
245 10 - TITLE STATEMENT
Title Winning declarer play/
Statement of responsibility, etc. Dorothy Hayden
260 ## - PUBLICATION, DISTRIBUTION, ETC.
Place of publication, distribution, etc. London:
Name of publisher, distributor, etc. Robert Hale,
Date of publication, distribution, etc. c1969
300 ## - PHYSICAL DESCRIPTION
Extent vii, 280 p.;
Dimensions 21 cm.
650 #0 - SUBJECT ADDED ENTRY--TOPICAL TERM
Topical term or geographic name entry element Auction bridge
9 (RLIN) 99035
650 #0 - SUBJECT ADDED ENTRY--TOPICAL TERM
Topical term or geographic name entry element Bridge whist
650 #0 - SUBJECT ADDED ENTRY--TOPICAL TERM
Topical term or geographic name entry element Card players
9 (RLIN) 99554
650 #0 - SUBJECT ADDED ENTRY--TOPICAL TERM
Topical term or geographic name entry element Bridge players
887 ## - NON-MARC INFORMATION FIELD
Content of non-MARC field Nirmaladevi
901 ## - LOCAL DATA ELEMENT A, LDA (RLIN)
a 400224
b 16/02/1971
902 ## - LOCAL DATA ELEMENT B, LDB (RLIN)
a E 795.414 H 324
903 ## - LOCAL DATA ELEMENT C, LDC (RLIN)
a 05/04/2004
904 ## - LOCAL DATA ELEMENT D, LDD (RLIN)
a Nirmaladevi
906 ## - LOCAL DATA ELEMENT F, LDF (RLIN)
a 032854
949 ## - LOCAL PROCESSING INFORMATION (OCLC)
-- VIRTUAITEM
-- 10000
-- 1
-- 100
6 PUR000400224ENG
a E 795.414 H324
942 ## - ADDED ENTRY ELEMENTS (KOHA)
Source of classification or shelving scheme Dewey Decimal Classification
Koha item type Books
Holdings
Withdrawn status Lost status Damaged status Not for loan Collection code Home library Current library Shelving location Date acquired Total Checkouts Full call number Barcode Date last seen Price effective from Koha item type
        New English National Library of India National Library of India New English - Main Stack Division     E 795.414 H 324 PUR000400224ENG 01/06/2021 01/06/2021 Books
                                                                           
web counter

Copyright ©2020 The National Library of India, Govt. of India ↔ Hosted by NVLI, MOC ↔ Technology and Design by National Library of India, Ministry of Culture, Govt. of India